| 000 -LEADER |
| fixed length control field |
01606cam a22004097a 4500 |
| 001 - CONTROL NUMBER |
| control field |
17436043 |
| 003 - CONTROL NUMBER IDENTIFIER |
| control field |
Nust- CAS-E |
| 005 - DATE AND TIME OF LATEST TRANSACTION |
| control field |
20180118181406.0 |
| 008 - FIXED-LENGTH DATA ELEMENTS--GENERAL INFORMATION |
| fixed length control field |
120820s2013 enka b 001 0 eng d |
| 010 ## - LIBRARY OF CONGRESS CONTROL NUMBER |
| LC control number |
2012947510 |
| 015 ## - NATIONAL BIBLIOGRAPHY NUMBER |
| National bibliography number |
GBB2B2413 |
| Source |
bnb |
| 016 7# - NATIONAL BIBLIOGRAPHIC AGENCY CONTROL NUMBER |
| Record control number |
016206068 |
| Source |
Uk |
| 020 ## - INTERNATIONAL STANDARD BOOK NUMBER |
| International Standard Book Number |
9781848214446 (hbk.) |
| 020 ## - INTERNATIONAL STANDARD BOOK NUMBER |
| International Standard Book Number |
1848214448 (hbk.) |
| 035 ## - SYSTEM CONTROL NUMBER |
| System control number |
(OCoLC)ocn817266464 |
| 040 ## - CATALOGING SOURCE |
| Original cataloging agency |
UKMGB |
| Language of cataloging |
eng |
| Transcribing agency |
UKMGB |
| Modifying agency |
OCLCO |
| -- |
YDXCP |
| -- |
BTCTA |
| -- |
BWK |
| -- |
YNK |
| -- |
CUD |
| -- |
UAT |
| -- |
CDX |
| -- |
NLE |
| -- |
BWX |
| -- |
DLC |
| 042 ## - AUTHENTICATION CODE |
| Authentication code |
lccopycat |
| 050 00 - LIBRARY OF CONGRESS CALL NUMBER |
| Classification number |
TK5103.2 |
| Item number |
.J86 2013 |
| 082 04 - DEWEY DECIMAL CLASSIFICATION NUMBER |
| Classification number |
621.382 |
| Edition number |
23 |
| Author Mark |
JUM-E 2013 |
| 100 1# - MAIN ENTRY--PERSONAL NAME |
| Personal name |
Jumira, Oswald. |
| 245 10 - TITLE STATEMENT |
| Title |
Energy efficiency in wireless networks / |
| Statement of responsibility, etc. |
Oswald Jumira, Sherali Zeadally. |
| 260 ## - PUBLICATION, DISTRIBUTION, ETC. |
| Place of publication, distribution, etc. |
London : |
| Name of publisher, distributor, etc. |
ISTE ; |
| Place of publication, distribution, etc. |
Hoboken, NJ : |
| Name of publisher, distributor, etc. |
Wiley-Blackwell, |
| Date of publication, distribution, etc. |
2013. |
| 300 ## - PHYSICAL DESCRIPTION |
| Extent |
xii, 104 p. : |
| Other physical details |
ill. ; |
| Dimensions |
24 cm. |
| 490 1# - SERIES STATEMENT |
| Series statement |
Focus series in networks and telecommunications |
| 502 ## - DISSERTATION NOTE |
| Dissertation note |
0 |
| 504 ## - BIBLIOGRAPHY, ETC. NOTE |
| Bibliography, etc. note |
Includes bibliographical references (p. [79]-96) and index. |
| 650 #0 - SUBJECT ADDED ENTRY--TOPICAL TERM |
| Topical term or geographic name entry element |
Wireless communication systems |
| General subdivision |
Energy consumption. |
| 650 #0 - SUBJECT ADDED ENTRY--TOPICAL TERM |
| Topical term or geographic name entry element |
Wireless communication systems |
| General subdivision |
Energy conservation. |
| 700 1# - ADDED ENTRY--PERSONAL NAME |
| Personal name |
Zeadally, Sherali. |
| 830 #0 - SERIES ADDED ENTRY--UNIFORM TITLE |
| Uniform title |
Focus series in networks and telecommunications. |
| 856 42 - ELECTRONIC LOCATION AND ACCESS |
| Materials specified |
Publisher description |
| Uniform Resource Identifier |
<a href="http://www.loc.gov/catdir/enhancements/fy1303/2012947510-d.html">http://www.loc.gov/catdir/enhancements/fy1303/2012947510-d.html</a> |
| 856 41 - ELECTRONIC LOCATION AND ACCESS |
| Materials specified |
Table of contents only |
| Uniform Resource Identifier |
<a href="http://www.loc.gov/catdir/enhancements/fy1303/2012947510-t.html">http://www.loc.gov/catdir/enhancements/fy1303/2012947510-t.html</a> |
| 906 ## - LOCAL DATA ELEMENT F, LDF (RLIN) |
| a |
7 |
| b |
cbc |
| c |
copycat |
| d |
2 |
| e |
ncip |
| f |
20 |
| g |
y-gencatlg |
| 942 ## - ADDED ENTRY ELEMENTS (KOHA) |
| Source of classification or shelving scheme |
|
| Koha item type |
Book |